La mujer de tu hermano / (Registro nro. 3573)
[ vista simple ]
| 000 -LEADER | |
|---|---|
| fixed length control field | 00771nam a2200193Ia 4500 |
| 003 - CONTROL NUMBER IDENTIFIER | |
| control field | OSt |
| 005 - DATE AND TIME OF LATEST TRANSACTION | |
| control field | 20250414155721.0 |
| 008 - FIXED-LENGTH DATA ELEMENTS--GENERAL INFORMATION | |
| fixed length control field | 191128s1983 ck er 000 f spa d |
| 040 ## - CATALOGING SOURCE | |
| Original cataloging agency | CO-JMCR |
| Transcribing agency | CO-JMCR |
| 041 ## - LANGUAGE CODE | |
| Language code of text/sound track or separate title | spa |
| 082 04 - DEWEY DECIMAL CLASSIFICATION NUMBER | |
| Classification number | A-N |
| Item number | GREm |
| 100 1# - MAIN ENTRY--PERSONAL NAME | |
| Personal name | Greeley, Andrew M. |
| Relator term | autor |
| 9 (RLIN) | 7150 |
| 245 13 - TITLE STATEMENT | |
| Title | La mujer de tu hermano / |
| Statement of responsibility, etc. | Andrew M. Greeley |
| 260 ## - PUBLICATION, DISTRIBUTION, ETC. | |
| Place of publication, distribution, etc. | Bogotá : |
| Name of publisher, distributor, etc. | Círculo de lectores, |
| Date of publication, distribution, etc. | 1983 |
| 300 ## - PHYSICAL DESCRIPTION | |
| Extent | 343 páginas ; |
| Dimensions | 20 cm. |
| 520 ## - SUMMARY, ETC. | |
| Summary, etc. | Un padre omnipotente en el que se descubre la clara similitud con el padre de los Kennedy, decide el destino de sus dos hijos: uno será Presidente de los Estados Unidos y el otro cardenal. Qué podría oponerse a su soberana voluntad y a sus millones. |
| 650 14 - SUBJECT ADDED ENTRY--TOPICAL TERM | |
| Topical term or geographic name entry element | Amor en la literatura |
| 9 (RLIN) | 634 |
| 942 ## - ADDED ENTRY ELEMENTS (KOHA) | |
| Source of classification or shelving scheme | Dewey Decimal Classification |
| Koha item type | Books |
| Withdrawn status | Lost status | Source of classification or shelving scheme | Materials specified (bound volume or other part) | Damaged status | Not for loan | Collection code | Home library | Current library | Date acquired | Source of acquisition | Coded location qualifier | Full call number | Barcode | Date last seen | Copy number | Koha item type |
|---|---|---|---|---|---|---|---|---|---|---|---|---|---|---|---|---|
| Dewey Decimal Classification | Donación--04/07/2018-- | Fiction | Biblioteca Pública José María del Castillo y Rada | Biblioteca Pública José María del Castillo y Rada | 11/28/2019 | Donación | $0 | A-N GREm | 201811437 | 11/28/2019 | Ej.1 | Books |